[Event "SWE-chT 0910"]
[Site "Sweden"]
[Date "2009.10.16"]
[Round "9"]
[White "Gustafsson, Olof"]
[Black "Nygren, David"]
[Result "1-0"]
[WhiteElo "2050"]
[BlackElo "2137"]
[PlyCount "79"]
[EventDate "2009.10.16"]
[EventType "team"]
[EventRounds "11"]
[EventCountry "SWE"]
[SourceTitle "EXT 2011"]
[Source "ChessBase"]
[SourceDate "2010.11.26"]
[SourceVersion "1"]
[SourceVersionDate "2010.11.26"]
[SourceQuality "1"]
[WhiteTeam "Eksjo"]
[BlackTeam "Umea Rockaden"]
[WhiteTeamCountry "SWE"]
[BlackTeamCountry "SWE"]

1. e4 e6 2. d4 d5 3. exd5 exd5 4. Bd3 c5 5. c3 Nc6 6. Ne2 Bd6 7. Be3 cxd4 8. Nxd4 Nf6 9. Nf5 0-0 10. Nxd6 Qxd6 11. Na3 Ng4 12. Nb5 Qe7 13. Qd2 a6 14. Na3 Nce5 15. 0-0-0 Be6 16. Bd4 Nxd3+ 17. Qxd3 Qg5+ 18. Qd2 Qg6 19. h4 b5 20. Nc2 h5 21. f3 Nh6 22. Ne3 b4 23. g4 bxc3 24. Bxc3 d4 25. Qxd4 Bxa2 26. gxh5 Qb1+ 27. Kd2 Qh7 28. Ke2 Rfe8 29. Kf2 f6 30. Rhg1 Rf8 31. Rg6 Bf7 32. Rdg1 Bxg6 33. hxg6 Ng4+ 34. Rxg4 Qh6 35. Nf5 Qc1 36. Qd7 Ra7 37. Ne7+ Kh8 38. Qxa7 Qc2+ 39. Kg3 f5 40. Bxg7+ 1-0

[Event "IECG C1.1999.0.00225"]
[Site "IECG email"]
[Date "1999.12.15"]
[Round "?"]
[White "Gustafsson, Olof"]
[Black "Mego, Peter"]
[Result "1/2-1/2"]
[WhiteElo "1992"]
[BlackElo "1832"]
[PlyCount "23"]
[EventDate "1999.07.19"]
[EventType "tourn (corr)"]
[EventRounds "5"]
[SourceTitle "Corr 2008"]
[Source "ChessBase"]
[SourceDate "2008.06.24"]
[SourceVersion "1"]
[SourceVersionDate "2008.06.24"]
[SourceQuality "1"]

1. e4 e6 2. d4 d5 3. e5 c5 4. c3 Nc6 5. Nf3 Bd7 6. Be2 cxd4 7. cxd4 Bb4+ 8. Bd2 Bxd2+ 9. Qxd2 Qa5 10. 0-0 Qxd2 11. Nbxd2 Nge7 12. Rac1 1/2-1/2